<?xml version="1.0" encoding="UTF-8"?>
<record
    xmlns:xsi="http://www.w3.org/2001/XMLSchema-instance"
    xsi:schemaLocation="http://www.loc.gov/MARC21/slim http://www.loc.gov/standards/marcxml/schema/MARC21slim.xsd"
    xmlns="http://www.loc.gov/MARC21/slim">

  <leader>01036naa a2200217 i 4500</leader>
  <controlfield tag="001">BPP</controlfield>
  <controlfield tag="003">BPK</controlfield>
  <controlfield tag="005">20160408085237.0</controlfield>
  <controlfield tag="008">141010s1987    pl     f     |100 0 pol</controlfield>
  <datafield tag="040" ind1=" " ind2=" ">
    <subfield code="c">BPK</subfield>
  </datafield>
  <datafield tag="080" ind1=" " ind2=" ">
    <subfield code="a">628.3.034.2</subfield>
  </datafield>
  <datafield tag="100" ind1=" " ind2=" ">
    <subfield code="a">PIECUCH, Tadeusz.</subfield>
    <subfield code="d">1987 - 1996.</subfield>
    <subfield code="b">Wy&#x17C;sza Szko&#x142;a In&#x17C;ynierska w Koszalinie - Wydzia&#x142; In&#x17C;ynierii L&#x105;dowej i Sanitarnej,</subfield>
    <subfield code="c">Zak&#x142;ad Technologii &#x15A;ciek&#xF3;w i Utylizacji Odpad&#xF3;w Przemys&#x142;owych</subfield>
  </datafield>
  <datafield tag="245" ind1=" " ind2=" ">
    <subfield code="a">Badania i opracowanie technologii odzysku w&#x119;glika krzemu ze &#x15B;ciek&#xF3;w poprodukcyjnych Fabryki Materia&#x142;&#xF3;w i Wyrob&#xF3;w &#x15A;ciernych KORUND w Kole /</subfield>
    <subfield code="c">Tadeusz Piecuch, W. Radzikowski, A. &#x15A;wiech.</subfield>
  </datafield>
  <datafield tag="260" ind1=" " ind2=" ">
    <subfield code="c">1987.</subfield>
  </datafield>
  <datafield tag="500" ind1=" " ind2=" ">
    <subfield code="a">Dane z bibliografii za&#x142;&#x105;cznikowej.</subfield>
  </datafield>
  <datafield tag="650" ind1=" " ind2="0">
    <subfield code="a">&#x15A;cieki przemys&#x142;owe.</subfield>
  </datafield>
  <datafield tag="650" ind1=" " ind2="0">
    <subfield code="a">Krzem - zwi&#x105;zki.</subfield>
  </datafield>
  <datafield tag="655" ind1=" " ind2="0">
    <subfield code="a">Materia&#x142;y konferencyjne.</subfield>
  </datafield>
  <datafield tag="711" ind1=" " ind2=" ">
    <subfield code="a">Og&#xF3;lnopolska Konferencja Naukowa nt. Kompleksowe i szczeg&#xF3;&#x142;owe problemy in&#x17C;ynierii &#x15B;rodowiska</subfield>
    <subfield code="n">(2 ;</subfield>
    <subfield code="d">1987 ;</subfield>
    <subfield code="c">Cz&#x119;stochowa - Ustronie Morskie, Polska).</subfield>
  </datafield>
  <datafield tag="942" ind1=" " ind2=" ">
    <subfield code="c">ART</subfield>
    <subfield code="2">UKD</subfield>
  </datafield>
  <datafield tag="999" ind1=" " ind2=" ">
    <subfield code="c">896</subfield>
    <subfield code="d">896</subfield>
  </datafield>
</record>
